<?xml version="1.0" encoding="UTF-8"?>
<record
    xmlns:xsi="http://www.w3.org/2001/XMLSchema-instance"
    xsi:schemaLocation="http://www.loc.gov/MARC21/slim http://www.loc.gov/standards/marcxml/schema/MARC21slim.xsd"
    xmlns="http://www.loc.gov/MARC21/slim">

  <leader>00252nam a2200097zu 4500</leader>
  <controlfield tag="008">260113b1973    mx a|||b i||| 001 0 spa d</controlfield>
  <datafield tag="245" ind1=" " ind2=" ">
    <subfield code="a">UN NUEVO TESORO DE LA JUVENTUD</subfield>
  </datafield>
  <datafield tag="260" ind1=" " ind2=" ">
    <subfield code="a">M&#xC9;XICO:</subfield>
    <subfield code="b">JACKSON, W. M. INC</subfield>
    <subfield code="c">1973</subfield>
  </datafield>
  <datafield tag="300" ind1=" " ind2=" ">
    <subfield code="a">352</subfield>
  </datafield>
  <datafield tag="942" ind1=" " ind2=" ">
    <subfield code="2">ddc</subfield>
    <subfield code="c">COMP</subfield>
  </datafield>
  <datafield tag="952" ind1=" " ind2=" ">
    <subfield code="0">1</subfield>
    <subfield code="1">0</subfield>
    <subfield code="2">ddc</subfield>
    <subfield code="4">0</subfield>
    <subfield code="7">1</subfield>
    <subfield code="8">CONSULTA</subfield>
    <subfield code="9">121855</subfield>
    <subfield code="a">BPCEFC</subfield>
    <subfield code="b">BPCEFC</subfield>
    <subfield code="d">2026-01-13</subfield>
    <subfield code="e">DONADO</subfield>
    <subfield code="l">0</subfield>
    <subfield code="r">2026-01-13 18:16:39</subfield>
    <subfield code="w">2026-01-13</subfield>
    <subfield code="y">COMP</subfield>
    <subfield code="z">FALTA CLASIFICACI&#xD3;N </subfield>
  </datafield>
  <datafield tag="999" ind1=" " ind2=" ">
    <subfield code="c">68456</subfield>
    <subfield code="d">68456</subfield>
  </datafield>
</record>
